Regionální lokalizace automobilového průmyslu v České republice

Regionálne rozloženie automobilového priemyslu v Českej republike a vymedzenie špecifických faktorov determinujúcich lokalizáciu tohto priemyslu v regiónoch Českej republiky.

Saved in:
Bibliographic Details
Main Author: Damborský, Milan
Other Authors: Říhová, Gabriela, Rajtr, Vojtěch
Format: Book Chapter
Language:Czech
Subjects:
Tags: Add Tag
No Tags, Be the first to tag this record!

MARC

LEADER 00000naa a2200000 4500
001 0151881
005 20231116110356.3
041 0 |a cze 
044 |a CZ 
245 1 0 |a Regionální lokalizace automobilového průmyslu v České republice  |c Milan Damborský, Gabriela Říhová, Vojtěch Rajtr 
520 |a Regionálne rozloženie automobilového priemyslu v Českej republike a vymedzenie špecifických faktorov determinujúcich lokalizáciu tohto priemyslu v regiónoch Českej republiky. 
610 2 0 |a Česko 
610 2 0 |a lokalizácia 
610 2 0 |a korporácie transnacionálne 
610 2 0 |a výroba 
610 2 0 |a automobily 
610 2 0 |a regióny 
610 2 0 |a priemysel automobilový 
100 1 |a Damborský, Milan 
700 1 |a Říhová, Gabriela 
700 1 |a Rajtr, Vojtěch